Complete the Movie Title (1960) - Statistics

General Stats
  • This quiz has been taken 79 times
  • The average score is 13 of 25
Answer Stats
Hint Answer % Correct
The Little Shop of _____ Horrors
88%
The _____ Machine Time
86%
Please Don’t Eat the _____ Daisies
84%
Swiss _____ Robinson Family
82%
Heller in Pink _____ Tights
68%
Where the _____ Are Boys
67%
Elmer _____ Gantry
65%
Sons and _____ Lovers
65%
Sink the _____! Bismarck
61%
_____, Inc. Murder
60%
_____ of the Damned Village
60%
G.I. _____ Blues
56%
The 1,000 _____ of Dr. Mabuse Eyes
49%
Inherit the _____ Wind
49%
_____ When We Meet Strangers
47%
_____ at Campobello Sunrise
46%
12 to the _____ Moon
40%
The _____ Kind Fugitive
39%
House of _____ Usher
35%
The Last _____ Voyage
35%
The Wackiest _____ in the Army Ship
30%
The _____ of Suzy Wong World
28%
The Gallant _____ Hours
25%
The Wild _____ Ride
23%
The Virgin _____ Spring
21%
No matching quizzes found
Score Distribution
Percent of People with Each Score
Percentile by Number Answered
Your Score History
You have not taken this quiz